Statistiques concernant Surnoms des clubs de Premier League (2022-2023)

Cliquez ici pour prendre le quiz!

Statistiques générales

  • Ce quiz a été pris 660 fois
  • Le résultat moyen est 12 sur 20

Statistiques - réponses

ÉquipeSurnom% Correct
Chelsea FCthe Blues
95%
Liverpool FCthe Reds
95%
Manchester Citythe Citizens
92%
Manchester Unitedthe Red Devils
90%
Arsenal FCthe Gunners
88%
Tottenham Hotspursthe Spurs
87%
West Ham Unitedthe Hammers
82%
Wolverhampton Wanderersthe Wolves
79%
Leicester Citythe Foxes
69%
Newcastle Unitedthe Magpies
55%
Aston Villathe Villans
53%
Brentford FCthe Bees
47%
Everton FCthe Toffees
46%
Crystal Palacethe Eagles
43%
Brighton & Hove Albionthe Seagulls
36%
Southampton FCthe Saints
32%
Fulham FCthe Cottagers
26%
Leeds Unitedthe Peacocks
24%
AFC Bournemouththe Cherries
22%
Nottingham ForestForest
15%

Distribution des résultats

Percentile par nombre de réponses

% des personnes avec chaque résultat

Votre développement - résultats

Vous n’avez pas pris ce quiz